000 00296nam a22001337a 4500
008 170927b xxu||||| |||| 00| 0 eng d
020 _a2901587788979
041 _aeng
080 _a37
100 _a47
101 _aEDU
245 _aLEGAL RESEARCH AND WRITING
_cMURRAY,M.D
942 _2udc
_cBK
999 _c30298
_d30298